| 000 | 011130000a22002890004500 | ||
|---|---|---|---|
| 001 | 20251 | ||
| 003 | CO-MdFUSB | ||
| 005 | 20180622170552.0 | ||
| 008 | 160922b xxu||||| |||| 00| 0 eng d | ||
| 020 | _a978-0-8006-2108-7 | ||
| 040 |
_aCO-MdFUSB _bEspañol _cCO-MdFUSB _dCO-MdFUSB |
||
| 041 | _aeng | ||
| 082 |
_224 _aG 296.336 _bM585m |
||
| 100 | 1 | _aZetterholm, Magnus., (Editor) | |
| 245 | 0 | 4 |
_aThe messiah in early Judaism and Christianity / _cEditado por Magnus Zetterholm |
| 264 |
_aMinneapolis, Minnesota : _bFortress Press, _c2007 |
||
| 300 | _axxvii, 163 páginas | ||
| 336 |
_2rdacontent _a1 _ba1 |
||
| 337 |
_2rdamedia _a2 _b5 |
||
| 338 |
_2rdacarrier _a2 _b5 |
||
| 500 | _aIncluye índices (p. 157-163) | ||
| 501 | _aRústico | ||
| 505 | 0 | 0 | _aMesianismo judío precristiano - El Mesías como Hijo de Dios en los evangelios sinópticos - Pablo y el mesías faltante - Elías y el Mesías como portavoces de la ideología rabínica - La recepción del mesianismo y la adoración de Cristo en la iglesia post-apostólica |
| 653 | _aJudaísmo -- Mesías | ||
| 653 | _aCristianismo | ||
| 942 | _cBK | ||
| 999 |
_c46602 _d46602 |
||